Name a Valid US State - Statistics

General Stats
  • This quiz has been taken 193 times
  • The average score is 13 of 15
Answer Stats
Prompt Valid State(s) % Correct
That is on the Great Lakes Minnesota/Illinois/Wisconsin/Michigan/Ohio/Indiana/Pennsylvania/New York
99%
That has the word “new” in its name New York/New Jersey/New Hampshire/New Mexico
99%
That borders Wyoming Colorado/Utah/Idaho/Montana/South Dakota/Nebraska
98%
That has both crocodiles and alligators in the wild Florida
98%
That has been its own country Texas/California/Hawaii/Florida/Vermont
98%
That is on the Gulf of Mexico Texas/Louisiana/Mississippi/Alabama/Florida
98%
That was admitted after 1900 Oklahoma/New Mexico/Arizona/Alaska/Hawaii
93%
That borders Quebec New York/Vermont/New Hampshire/Maine
89%
That borders Washington, DC Virginia/Maryland
89%
That borders more than one ocean Alaska
88%
That will sink completely underwater if all the ice in the world melts Delaware/Florida
88%
That was not one of the 13 original colonies but was admitted before 1800 Vermont/Tennessee/Kentucky
66%
That is double landlocked Nebraska
63%
That Amtrak does not serve (other than Alaska and Hawaii) Wyoming/South Dakota
52%
That had part of its territory acquired in the Gadsden Purchase Arizona/New Mexico
50%
No matching quizzes found
Score Distribution
Percent of People with Each Score
Percentile by Number Answered
Your Score History
You have not taken this quiz